000 00504nam a22001937a 4500
003 MPLRDC
005 20220104124657.0
008 210129b ||||| |||| 00| 0 eng d
020 _a957-645-386-0
082 _a592.9 FYZS v.7
100 _a高文阁编著
245 _a战争边缘40年
_c
250 _a初版一刷
260 _a台湾
_b风云时代出版有限公司
_c1993
300 _b445
490 _a风云战史.真相特辑. 34
650 _a战争史
942 _cBK
_o592.9 FYZS v.7
999 _c21257
_d21247